| 000 | | | 06457ckm2a2200000#x 450 |
| 001 | | | 2fe0b8d2-848f-4497-bbd2-6a3e3c5141c0 |
| 005 | | | 20220413131630.0 |
| 100 | ## | $a | 20140417l18501917k l0rusy0189 ca |
| 101 | 0# | $a | rus |
| 102 | ## | $a | RU |
| 200 | 1# | $a | Дом Петра I в городе Вологде |
| | $e | б/д |
| | $j | [1850-1917] |
| 251 | ## | $c | Дело |
| 300 | ## | $a | Фотография черно-белая, наклеена на картон. В конверте. На оборотной стороне написано от руки, чернилами: Домикъ Петра I въ г. Вологде |
| 300 | ## | $a | Оригинальный заголовок дела: Вологодская губерния. Город Вологда. Дом Петра I : б/д |
| 801 | #0 | $a | RU |
| | $b | РГИА |
| | $c | 20140417 |
| 801 | #1 | $a | RU |
| | $b | ГлавНИВЦ |
| | $c | 20140417 |
| | $2 | rusmarc |
| 801 | #2 | $a | RU |
| | $b | ПБ им. Б.Н. Ельцина |
| | $c | 20160220 |
| | $g | RCR |
| | $2 | rusmarc |
| 850 | ## | $a | Федеральное казенное учреждение "Российский государственный исторический архив" |
| 852 | ## | $a | РГИА |
| | $j | 213 |
| 937 | ## | $h | РГИА |
| | $d | 11164026 |
| | $a | ASBIBLIO_SCAN |
| 462 | #0 | $1 | 001074eb75f-1902-4909-a924-b21579da7b9b |
| | $1 | 2001 |
| | $a | Коллекция фотографий Техническо-строительного комитета МВД древних и архитектурно-скульптурных памятников России |
| | $v | Д. 213 |
| | $1 | 251 |
| | $c | Опись |
| | $1 | 852 |
| | $j | 169 |
| 461 | #0 | $1 | 001597a3917-b61a-443f-a337-cac2b95e7413 |
| | $1 | 2001 |
| | $a | Техническо-строительный комитет МВД |
| | $1 | 251 |
| | $c | Фонд |
| | $1 | 852 |
| | $j | 1293 |
| 215 | ## | $a | 1 лист |
| | $c | фот. |
| | $d | 23х28 см |
| 371 | ## | $a | Документ не является опубликованным и широко распространяемым |
| 105 | ## | $a | a### |
| 122 | 2# | $a | d1850###### |
| | $a | d1917###### |
| 035 | ## | $a | 2fe0b8d2-848f-4497-bbd2-6a3e3c5141c0 |
| 324 | ## | $a | Графика |
| 517 | 1# | $a | Вологодская губерния. Город Вологда. Дом Петра I |
| | $e | б/д |
| 330 | ## | $a | Дом Петра I (также известен как "Петровский домик", "Домик Петра") - памятник архитектуры XVII века. Находится в городе Вологде (Советский проспект, дом 47). В настоящее время в здании располагается музей, основанный в 1872 году. Это первый музей Вологды. В постоянной экспозиции более 100 предметов, среди которых личные вещи императора, мебель и утварь 2-й половины XVII века - начала XVIII века |
| 606 | 1# | $2 | nlr_sh |
| | $3 | RU\NLR\AUTH\66275217 |
| | $a | Архитектурные памятники |
| | $y | Вологда, город |
| | $j | Архивные дела |
| 601 | 02 | $a | Вологодский Петровский музей |
| | $j | Архивные дела |
| | $2 | prlib_sh |
| | $3 | LIBNET\UAF\0000100405 |
| | $x | История |
| 605 | ## | $2 | acquisition_Prlib |
| | $3 | DITM\AF\0000004675 |
| | $a | Территория |
| | $l | коллекция |
| 605 | ## | $2 | acquisition_Prlib |
| | $3 | LIBNET\UAF\0000036523 |
| | $a | Вологодская область: страницы истории |
| | $l | коллекция |
| 605 | ## | $2 | acquisition_Prlib |
| | $3 | LIBNET\UAF\0000099837 |
| | $a | Петр I (1672–1725) |
| | $l | коллекция |
| 686 | ## | $a | 63.3(28-8Вол)52-7я611 |
| | $2 | rubbk |
| | $v | LBC/M |
| 617 | ## | $2 | prlib_sh |
| | $c | Вологодская область |
| 617 | ## | $2 | prlib_sh |
| | $c | Вологодская губерния |
| 608 | ## | $2 | prlib_sh |
| | $3 | DITM\AF\0000001707 |
| | $a | Документальные фотографии |